000 00463nam a22001577a 4500
999 _c4593
_d4593
008 161121b xxu||||| |||| 00| 0 eng d
020 _a978-81-775-8350-2
082 _a330.9 SAL
100 _aSaleem, Shaikh.-
245 _aBusiness Environment/
_cSkaikh Saleem.-
_hEnglish.
260 _aNew Delhi:
_bPearson Education,
_c2006.
300 _a532p.;
_c28cm.-
440 _aPearson Edication.-
650 _2Economic Situations and Conditions
942 _2ddc
_cBOOKS